El jardín de los Finzi-Contini (Registro nro. 67986)
[ vista simple ]
| 000 -LÍDER | |
|---|---|
| Campo fijo de descripción fija | 01455nam a2200193 i 4500 |
| 001 - NÚMERO DE CONTROL | |
| Campo de control | 768714001 |
| 003 - IDENTIFICADOR DEL NÚMERO DE CONTROL | |
| Campo de control | CO-MdFUSB |
| 005 - FECHA Y HORA DE LA ULTIMA TRANSACCIÓN | |
| control field | 20220722170932.0 |
| 008 - ELEMENTOS DE LONGITUD FIJA -- INFORMACIÓN GENERAL | |
| Campo fijo de descripción fija -- Información general | 220722t1984 ck |||| |||| 00| 0 spa d |
| 040 ## - FUENTE DE CATALOGACIÓN | |
| Idioma de catalogación | spa |
| Agencia que realiza la transcripción | CO-MdFUSB |
| Agencia que realiza la modificación | CO-MdFUSB |
| 041 ## - CÓDIGO DE IDIOMA | |
| Código de idioma para texto/pista de sonido o título separado | spa |
| 100 ## - ASIENTO PRINCIPAL--NOMBRE PERSONAL | |
| Nombre personal | Bassani, Giorgio, |
| Término relacionador | autor |
| 245 #3 - TÍTULO | |
| Título | El jardín de los Finzi-Contini |
| Mención de responsabilidad | / Giorgio Bassani |
| 300 ## - DESCRIPCIÓN FÍSICA | |
| Extensión | Volumen 8, (1984) páginas 461 - 618 ; |
| Dimensiones | 22 cm |
| 520 ## - NOTA DE RESUMEN, ETC. | |
| Nota de sumario, etc. | En la ciudad de Ferrara, cuando la comunidad judía vive amenazada por el antisemitismo del gobierno fascista, los Finzi-Contini—una familia judía de abolengo—llevan una vida apartada en una lujosa villa, rodeada por un jardín majestuoso. Alberto y su hermana Micòl, los hijos de la familia, deciden invitar a algunos amigos a su casa, después de que a muchos de ellos los hayan expulsado del club de tenis de la ciudad. El protagonista de la historia, un joven judío de clase media, accede así a esta hermética comunidad—aparentemente inmune a las leyes raciales—, en cuyas reuniones convergen la política y la vida privada, y aflora el amor entre el muchacho y la joven Micòl. Sin embargo, el curso de la historia parece arrastrarlos hacia un destino funesto y abocarlos a precipitarse al abismo que se abre bajo sus pies. |
| 650 #7 - ASIENTO SECUNDARIO DE MATERIA - TERMINO TEMÁTICO | |
| 9 (RLIN) | 2491 |
| Término temático o nombre geográfico como elemento de entrada | Literatura italiana |
| 773 0# - ASIENTO DE ITEM FUENTE | |
| Biblionumber | 67924 |
| Itemnumber | 81147 |
| Asiento principal | Oveja Negra, |
| Otro identificador del ítem | 24697 |
| Título | Maestros de la literatura universal |
| Número de control del registro | (CO-MdFUSB)768714001 |
| International Standard Book Number | 8482806718 |
| 942 ## - TIPO DE MATERIAL (KOHA) | |
| Tipo de Item KOHA | Libros General |
No hay ítems disponibles.
